| 000 | 01135cam a2200337 a 4500 | ||
|---|---|---|---|
| 999 |
_c7843 _d7843 |
||
| 001 | 991033675589706706 | ||
| 003 | OSt | ||
| 005 | 20240109161044.0 | ||
| 008 | 110610s2011 spc | 000 0 spa|c | ||
| 015 |
_aLL2013 _2bnc |
||
| 017 |
_aDL B. 21933-2011 _bBiblioteca de Catalunya |
||
| 035 | _a(ES-BaCBU).b49040042 | ||
| 035 | _a(OCoLC)804744453 | ||
| 040 |
_aES-BaCBU _bcat _cCDMR |
||
| 041 | 1 |
_aspa _hcat |
|
| 043 | _ae-sp--- | ||
| 080 | _a946.0"1931/32" | ||
| 090 |
_aPQC416.L3 _bM3418 2011 |
||
| 100 | 1 |
_aPla, Josep _d1897-1981 _9827 |
|
| 245 | 1 | 0 |
_aMadrid : _bel advenimiento de la República / _cPla ; [traducción: Xavier Pericay] |
| 260 |
_a[Barcelona] : _bDiario Público, _ccop. 2011 |
||
| 300 |
_a157 p. ; _c18 cm |
||
| 490 | 1 | _aBiblioteca de la República | |
| 500 | _aTít. orig.: Madrid: l'adveniment de la República | ||
| 651 | 7 |
_aEspanya _xHistòria _y1931-1939, Segona República _vRelats personals. _2lemac |
|
| 830 | 0 | _aBiblioteca de la República | |
| 907 |
_a.b49040042 _b18-06-21 _c10-06-11 _d27-09-13 _em _fa _g- _hspa _ispc _j0 _k0 |
||
| 908 |
_aUAB _aUPF _aICAB _aBC _aUB |
||
| 940 | _aBC | ||
| 942 |
_2udc _cMON |
||